000 00673nam a2200217Ii 4500
003 JO-AjNU
008 230606s9999||||xx |||||||||||||| ||und||
020 _a978-0-19-4372114
040 _aJO-AjNU
_beng
_erda
_cJO-AjNU
041 _aeng
050 1 4 _aP40.5 1998
100 3 _aSpolsky,Bernard /Widdowson,H.G Editor,
_eauthor
_92014
245 0 0 _aSociolinguistics:Oxford Introdution To Language Study
250 _a1 ed
264 3 1 _aNew York:Oxford University Press,1998
300 _a128p
336 _atext
_btxt
_2rdacontent
337 _aunmediated
_bn
_2rdamedia
338 _avolume
_bnc
_2rdacarrier
650 4 _aLanguage-Language Study-Sociolinguistics
_92015
999 _aE1058
_c1058
_d1058